Statistiques concernant Focus sur: Gollum - Tolkien

Cliquez ici pour prendre le quiz!

Statistiques générales

  • Ce quiz a été pris 112 fois
  • Le résultat moyen est 7 sur 14

Statistiques - réponses

Informations recherchéesRéponses% Correct
Première apparitionLe Hobbit
100%
Autres nomsSméagol
98%
Couleur des cheveux (films)Brun
94%
EspèceHobbit
93%
Age durant lequel il vécutTroisième
85%
CousinDéagol
73%
Acteur l'interprétant dans les filmsAndy Serkis
46%
Monts Brumeux
40%
Fouineur et Chlingueur
35%
ContréesVal d'Anduin
27%
SurnomsMon Précieux
25%
Groupe de l'espèceFortauds
15%
Trahald
2%
Sa Fouine
1%

Distribution des résultats

Percentile par nombre de réponses

% des personnes avec chaque résultat

Votre développement - résultats

Vous n’avez pas pris ce quiz